000 00635cam a22002171 4500
001 13015
003 BD-RjUL
005 20211208235406.0
008 140130s1964 njua b 001 0 eng
035 _a(BD-RjUL)13065
040 _aDLC
_cDLC
_dICU
_dDLC
_beng
041 _aeng
082 _223
_a155.92
_bCOM 1964
100 1 _aColeman, James S.
_9225298
245 1 0 _aModels of Change and Response uncertainty /
_cJames S. Coleman
260 _aNew Jersey :
_bPrentice-Hall,,
_cc1964
300 _a130 p. :
_bill ;
_c24 cm
504 _aincludes index
650 _aChange (Psychology)
_9225299
_vMathematical models
942 _2ddc
_cBK
999 _c13015
_d13015